Missing Word: American Plays Quiz Stats

 Plays Quiz Updated Mar 1, 2016

Challenge
Share
Tweet
Embed
Score 0/20 Timer 03:00
0 Plays Today
Play Word % Correct
A _______ Named DesireStreetcar
97.8%
Who's _____ of Virginia Woolf?Afraid
95.1%
Death of a ________Salesman
94.9%
You Can't ____ It With YouTake
88.5%
Six Degrees of ________Separation
80.1%
___ TownOur
75.8%
Inherit the ____Wind
71.1%
Long Day's _______ Into NightJourney
69%
___ My SonsAll
48%
Fool for ____Love
47.8%
Play Word % Correct
The _______ WorkerMiracle
47.3%
____ in YonkersLost
44%
The _____ FoxesLittle
38.7%
______ in AmericaAngels
34.4%
______ Under the ElmsDesire
27.2%
The ______ ChroniclesHeidi
25.7%
The Piano ______Lesson
17.9%
Awake and ____!Sing
17.2%
American _______Buffalo
16.7%
______ and SmokeSummer
15.3%

Today's Daily Dose

You're not logged in!

Compare scores with friends on all Sporcle quizzes.
Join for Free
OR
Log In

You Might Also Like...

Show Comments

Extras

Top Quizzes Today


Score Distribution

Your Account Isn't Verified!

In order to create a playlist on Sporcle, you need to verify the email address you used during registration. Go to your Sporcle Settings to finish the process.

Report this User

Report this user for behavior that violates our Community Guidelines.

Details: